Actividades matemáticas para el desarrollo de procesos lógicos: Razonar

Sábháilte in:
Sonraí bibleagrafaíochta
Príomhchruthaitheoir: Luque Arias, Carlos Julio
Formáid: LEABHAR
Teanga:Spanish
Sraith:Colección Memorias y entramados educativos y culturales
Ábhair:
Rochtain ar líne:Enlace del recurso
Clibeanna: Cuir clib leis
Níl clibeanna ann, Bí ar an gcéad duine le clib a chur leis an taifead seo!

MARC

LEADER 00000nam a22000007a 4500
003 OSt
005 20170801110739.0
008 170801b2013 ck ||||| |||| 00| 0 spa d
020 |a 9789588650425 
040 |c CNA-IDEP 
082 |a 510.1  |b L926 
100 |a Luque Arias, Carlos Julio   |9 2940 
245 1 0 |a Actividades matemáticas para el desarrollo de procesos lógicos:  |b Razonar  |c Carlos Julio Luque Arias, Juan Carlos Ávila Mahecha, María Nubia soler Álvarez 
300 |a 410 p.  |b Tablas, Gráficos 
440 |a Colección Memorias y entramados educativos y culturales  |n 3  |9 2941 
504 |a Inlcuye Bibliografía, Indice Onomástico y Temático 
650 |a Lógica  |x Aprendizaje  |9 2942 
650 |a Razonamiento (Matemáticas)  |9 2943 
650 |a Argumentación (Matemáticas)  |9 2944 
650 |a Matemáticas  |x Enseñanza  |9 1328 
942 |2 ddc  |c BK 
999 |c 5228  |d 5228 
856 |u https://catalogo.idep.edu.co/cgi-bin/koha/opac-detail.pl?biblionumber=5228  |z Enlace del recurso